000 01319nam0a2200385 4500
001 RU\NLR\bibl\165694
005 20250618054807.0
010 _a5-272-00339-X
_bВ пер.
_95000
021 _aRU
_b2001-13417
_9633
035 _a(NLR Aleph) 000162524
090 _a935059
_c935059
100 _a20010606d2001 |||y0rusy50 ca
101 0 _arus
102 _aRU
105 _aa |||||||||
200 1 _aMicrosoft SQl Server 2000
_fЕвгений Мамаев, Лилия Шкарина
210 _aСПб. и др.
_cПитер
_d2001
215 _a1083 с.
_cил.
_d24
225 1 _aДля профессионалов
320 _aАлф. указ.: с. 1058-1083
606 0 _aMICROSOFT SQL SERVER 2000, система управления базами данных
_92194032
_3RU\NLR\auth\661318734
610 0 _aВычислительные сети - Сервер
610 0 _aБазы данных реляционные
675 _a004.65
_v3
_zrus
686 _a50
_2rugasnti
686 _a32.973.26-018.2
_2rubbk
686 _aЗ988.02-018.2
700 1 _aМамаев
_bЕвгений
_4070
701 1 _aШкарина
_gЛилия
_4070
801 0 _aRU
_bRKP
_c20010606
_gPSBO
801 1 _aRU
_bRKP
_c20010606
801 2 _aRU
_bNLR
_c20010710
_grcr
942 _cBOOK
980 _aNB